Quiz 3000 Stats

 Plays Quiz Updated Feb 28, 2012

Also try: 200 Year Quiz
Challenge
Share
Tweet
Embed
Score 0/36 Timer 07:00
0 Plays Today
Category Answer % Correct
US States with Average Elevations Above 3000 ftColorado
84.6%
US States with Average Elevations Above 3000 ftMontana
74.8%
Movies & TVPretty Woman
73.1%
US States with Average Elevations Above 3000 ftUtah
72.9%
US States with Average Elevations Above 3000 ftWyoming
68.3%
US States with Average Elevations Above 3000 ftArizona
67.1%
US States with Average Elevations Above 3000 ftIdaho
67%
US States with Average Elevations Above 3000 ftNevada
66.8%
US States with Average Elevations Above 3000 ftNew Mexico
64.6%
US States with Average Elevations Above 3000 ftOregon
62%
Movies & TVMr. 3000
61.2%
Sports3000 metres
60.7%
HistoryFranklin Roosevelt
56.7%
SportsStrikeout
55.7%
HistoryEgypt
52.2%
SportsWilt Chamberlain
51.4%
MusicAndré 3000
49.9%
Sports120
49.4%
Category Answer % Correct
Movies & TVKnight Rider
48.7%
Movies & TV3000 Miles to Graceland
45.8%
SportsPenalty minutes
43.7%
MusicBlack Eyed Peas
41.4%
HistoryBronze Age
39.9%
SportsRoberto Clemente
37.9%
Movies & TVFuturama
36.7%
Movies & TVMystery Science Theater 3000
31.2%
US States with Average Elevations Above 3000 ftHawaii
30.9%
EntertainmentFiddler on the Roof
28.4%
Movies & TVBattlefield Earth
24.5%
HistoryIreland
24%
EntertainmentIron Man
21.5%
EntertainmentSimCity 3000
18.3%
MusicYear 3000
13.1%
SportsGumball 3000
4%
MusicBran Van 3000
3.4%
EntertainmentCamelot 3000
3.1%

You're not logged in!

Compare scores with friends on all Sporcle quizzes.
Join for Free
OR
Log In

You Might Also Like...

Show Comments

Extras

Top Quizzes Today


Score Distribution

Your Account Isn't Verified!

In order to create a playlist on Sporcle, you need to verify the email address you used during registration. Go to your Sporcle Settings to finish the process.

Report this User

Report this user for behavior that violates our Community Guidelines.

Details: